[Event "XIX Sant Marti Open 2017"]
[Site "Barcelona"]
[Date "2017.07.13"]
[Round "1.1"]
[White "Peralta, Fernando"]
[Black "Gardela Batlle, Jordi"]
[Result "1-0"]
[WhiteElo "2564"]
[BlackElo "2151"]
[Annotator "TA"]
[PlyCount "97"]
[EventDate "2017.??.??"]
[EventType "swiss"]
[EventCountry "ESP"]
[SourceTitle "playchess.com"]
[Source "ChessBase"]
[SourceQuality "1"]

{[%evp 18,97,18,18,31,0,29,22,30,18,62,38,41,35,75,45,45,29,38,30,27,24,61,54,71,66,67,70,127,113,145,133,214,114,114,116,113,113,113,112,110,59,57,53,63,52,60,61,59,57,81,68,218,206,222,216,210,204,252,164,141,78,171,71,118,116,108,105,114,14,10,30,5214,5214,29995,29993,29993,29994,29994,29981,29981,29982]} 1. d4 d5 2. c4 e6 3. Nf3 c6 4. e3 Nf6 5. b3 Bb4+ (5... c5 6. cxd5 Nxd5 7. Bb2 cxd4 8. Nxd4 e5 9. Nf3 Nc6 10. Bc4 Bb4+ 11. Nbd2 Nb6 12. Bb5 Qd5 13. Bxc6+ bxc6 14. Bxe5 Bg4 15. Bc7 O-O 16. a3 Bxf3 17. axb4 Bxd1 {0-1 (17) So,W (2810)-Duda,J (2707) Leon 2017}) 6. Nbd2 {D30: Queen's Gambit Declined: Systems without Nc3} Ne4 7. Bd3 f5 8. O-O Nd7 9. Qc2 O-O 10. Bb2 {LiveBook: 5 Games} Qf6 11. Rad1 $146 ({Predecessor:} 11. c5 Ba5 12. Bxe4 fxe4 13. Ne1 {0-1 (21) Wallis,C (2357)-Smirnov,A (2440) Cammeray 2015}) 11... Qh6 12. Nb1 (12. a3 $5 {[%cal Ra3b4]} Be7 13. Rfe1 $11) 12... Ndf6 13. Ne5 Bd7 14. Ba3 Bxa3 $1 15. Nxa3 Rac8 16. b4 Be8 17. Qc1 Bh5 18. f3 $36 {[%mdl 2048] White fights for an advantage.} Nd6 19. Qd2 Nf7 20. Rc1 Kh8 21. Nxf7+ Bxf7 22. cxd5 cxd5 (22... Nxd5 $14 23. Nc4 f4) 23. Nb5 $16 Bg6 24. f4 a6 (24... Rb8 $16 {is a better defense.}) 25. Nd6 ({White has to play} 25. Rxc8 $18 Rxc8 26. Nd6) 25... Rb8 {White should prevent ...Rfd8.} 26. Rc7 Ne8 27. Nxe8 Bxe8 28. Qc2 Qf6 29. Rc5 (29. Qc5 $16) 29... Qe7 30. Rc1 Qd6 31. h3 Bd7 32. a4 g6 33. b5 axb5 34. Bxb5 b6 ({Black should try} 34... Rf7 $14) 35. Rc7 $18 Rfd8 36. Bxd7 Rxd7 37. Rc6 Qe7 38. Qb3 Rdb7 {[#]} 39. Kh2 ({White should play} 39. Rc8+ $1 Kg7 40. Rxb8 Rxb8 41. Rc6) 39... h6 {[#]} (39... Kg7 $16) 40. R1c3 (40. Rc8+ $1 $18 {and White stays clearly on top.} Rxc8 41. Rxc8+ Kg7 42. Rc6) 40... g5 41. fxg5 hxg5 42. Qd1 g4 43. e4 (43. Qe1 $16) 43... dxe4 $11 44. hxg4 {Strongly threatening Qc1.} fxg4 $2 {[%mdl 8192]} (44... Qf6 $11) 45. Qxg4 $18 Qe8 46. Rh3+ {White mates.} Rh7 47. Rxh7+ Kxh7 48. Rc3 Qg6 49. Rc7+ {Precision: White = 47%, Black = 38%.} 1-0

[Event "XIX Sant Marti Open 2017"]
[Site "Barcelona"]
[Date "2017.07.13"]
[Round "1.2"]
[White "Blasco Coll, Andreu"]
[Black "Grigoryan, Karen H"]
[Result "0-1"]
[WhiteElo "2144"]
[BlackElo "2555"]
[Annotator "TA"]
[PlyCount "76"]
[EventDate "2017.??.??"]
[EventType "swiss"]
[EventCountry "ESP"]
[SourceTitle "playchess.com"]
[Source "ChessBase"]
[SourceQuality "1"]

{[%evp 18,76,35,30,43,40,60,61,54,67,59,56,56,55,53,61,78,47,50,62,61,65,70,41,48,48,41,8,72,-1,0,0,0,0,12,0,12,31,31,-68,-27,-182,-214,-147,-157,-153,-141,-240,-242,-383,-383,-383,-371,-621,-472,-1329,-754,-29980,-29981,-29981,-29982]} 1. d4 d6 2. e4 g6 3. c4 Bg7 4. Nc3 Nf6 5. f3 O-O 6. Be3 b6 7. Nge2 {[%cal Bg1e2,Be2g3,Bg3h1,Bh1f2][%mdl 32]} c5 8. d5 e6 {E82: King's Indian: Sämisch: 6...b6} 9. Ng3 exd5 10. cxd5 {LiveBook: 20 Games} h5 {White has an edge.} 11. Be2 a6 12. a4 Nh7 13. O-O h4 14. Nh1 f5 15. Qd2 {[#]} Ra7 $146 ({Predecessor:} 15... Nd7 16. Nf2 {½-½ (52) Michalik,P (2508)-Saric,I (2625) Germany 2012}) 16. Nf2 Re7 17. Rab1 Nd7 18. Bh6 Bxh6 19. Qxh6 Rg7 20. Qd2 f4 21. b4 Ne5 22. bxc5 bxc5 {[#]} (22... h3 $1 $11 {remains equal.}) 23. Rb8 (23. h3 $1 $16) 23... Qc7 24. Rfb1 h3 25. Nxh3 Bxh3 26. Rxf8+ Nxf8 27. gxh3 g5 {[%cal Bg6g5,Bg5g4,Bg4f3,Bf3e2][%mdl 32]} 28. Kh1 (28. Nd1 $1 $14) 28... Qc8 $15 29. Qd1 $2 (29. Bf1 $1 $11) 29... Qxh3 $19 {Strongly threatening ...Rh7.} 30. Qf1 Rh7 $40 {[%csl Gh7][%cal Rh3h2][%mdl 128] Black goes for the king.} 31. Qxh3 Rxh3 32. Kg2 {[#]} (32. Rb2 $17) 32... g4 $1 {[%mdl 512]} 33. Nd1 (33. Rc1 $142 Nxf3 34. Bxf3 Rxf3 35. Nd1) (33. fxg4 Rxc3) 33... gxf3+ ({Weaker is} 33... Nxf3 34. Bxf3 Rxf3 35. Nf2 $11) 34. Kxh3 fxe2 35. Nf2 $2 (35. Nc3 f3 36. Kg3) 35... c4 36. Kg2 (36. Re1 $142 Nf3 37. Rxe2 Ng1+ 38. Kg4 Nxe2 39. Kf3) 36... Nfg6 {...Nh4+ is the strong threat.} 37. Re1 Nh4+ 38. Kh3 Nhf3 {Precision: White = 38%, Black = 79%.} 0-1

[Event "XIX Sant Marti Open 2017"]
[Site "Barcelona"]
[Date "2017.07.13"]
[Round "1.3"]
[White "Henriquez Villagra, Cristobal"]
[Black "Perez Pastora, Evarist"]
[Result "1-0"]
[WhiteElo "2532"]
[BlackElo "2142"]
[Annotator "TA"]
[PlyCount "33"]
[EventDate "2017.??.??"]
[EventType "swiss"]
[EventCountry "ESP"]
[SourceTitle "playchess.com"]
[Source "ChessBase"]
[SourceQuality "1"]

{[%evp 18,33,43,47,43,43,46,34,27,18,44,16,62,60,348,355,356,341]} 1. d4 Nf6 2. c4 g6 3. g3 Bg7 4. Bg2 O-O 5. Nc3 d6 6. Nf3 Nc6 7. O-O a6 8. Bf4 Bf5 {E63: King's Indian: Fianchetto: Panno Variation with 7...a6} (8... h6 9. h3 Nh5 10. Be3 f5 11. d5 Na5 12. Qd3 c5 13. dxc6 Nxc6 14. c5 dxc5 15. Qc4+ Kh7 16. Bxc5 {1-0 (45) Gagunashvili,M (2569)-Fedoseev,V (2685) Gjakova 2016}) 9. Rc1 Qd7 10. d5 {LiveBook: 3 Games} Nd8 $146 {White is slightly better.} ({Predecessor:} 10... Na5 11. e4 Bh3 12. Qd3 Bxg2 13. Kxg2 c5 14. Rfe1 b5 15. b3 bxc4 16. bxc4 {½-½ (61) Vorobiov,E (2584)-Matinian,N (2460) Moscow 2013}) 11. Qd2 Ne4 12. Nxe4 Bxe4 13. Rfd1 c5 14. dxc6 Qxc6 15. Bh6 Ne6 $2 {[%mdl 8192] [#]} ({Better is} 15... Bxh6 $14 16. Qxh6 Bxf3 17. Bxf3 Qb6) 16. Bxg7 $18 Kxg7 17. Nd4 1-0

[Event "XIX Sant Marti Open 2017"]
[Site "Barcelona"]
[Date "2017.07.13"]
[Round "1.4"]
[White "Valls Marti, Artur"]
[Black "Narciso Dublan, Marc"]
[Result "1/2-1/2"]
[WhiteElo "2140"]
[BlackElo "2516"]
[Annotator "TA"]
[PlyCount "86"]
[EventDate "2017.??.??"]
[EventType "swiss"]
[EventCountry "ESP"]
[SourceTitle "playchess.com"]
[Source "ChessBase"]
[SourceQuality "1"]

{[%evp 15,86,18,55,56,97,-18,52,40,43,22,11,10,6,14,24,0,37,28,60,52,41,51,43,0,0,0,0,0,0,0,0,0,0,0,0,-5,0,0,-6,-69,-32,-73,-21,-56,-14,-93,-93,-90,-71,-102,-98,-122,-119,-106,-84,-116,-147,-245,29,0,0,0,0,0,0,0,200,0,0,-7,199,0,0]} 1. e4 c6 2. d4 d5 3. Nc3 {[%cal Bb1c3,Bc3e4,Be4g3,Bg3h5,Bh5g7][%mdl 32]} dxe4 4. Nxe4 Bf5 5. Ng3 Bg6 6. Nh3 e6 7. Nf4 Bd6 8. Ngh5 {B18: Classical Caro-Kann: 4...Bf5 sidelines} (8. h4 Bxf4 9. Bxf4 h6 10. h5 Bh7 11. Be2 Nd7 12. O-O Ngf6 13. a4 Nd5 14. Bd6 N7f6 15. Be5 a5 16. c3 {1-0 (51) Piorun,K (2665)-Iturrizaga Bonelli,E (2658) Germany 2017}) 8... Nf6 {LiveBook: 4 Games} 9. Nxg7+ Ke7 10. g4 $146 ({And not} 10. Nxg6+ hxg6 11. c3 Nbd7 $17) (10. c3 $16) ({Predecessor:} 10. h4 Rg8 11. h5 Bxc2 12. Qxc2 Rxg7 13. Rh4 Na6 14. h6 Rg8 15. Bxa6 Qa5+ {½-½ (38) Tan,J (2451)-Thybo,J (2352) Hastings 2017}) 10... Bxf4 (10... Rg8 $11 11. g5 Qa5+ 12. Bd2 Qxg5) 11. Bxf4 $14 Rg8 12. Nh5 Bxh5 13. gxh5 Qd5 $132 {[%mdl 2048] Black has counterplay} 14. f3 Qxh5 {[#] And now ...Qh4+ would win.} 15. Be3 Nbd7 (15... c5 $5) 16. Qe2 b5 17. O-O-O $1 Nd5 18. Bd2 N7b6 19. f4 Qxe2 20. Bxe2 f5 21. b3 Rg2 22. Bf3 Rf2 23. Rdf1 Rxf1+ 24. Rxf1 Rg8 25. Kb2 Rg6 26. Rf2 (26. a4 $5) 26... Rh6 27. Ba5 (27. a4 $11) 27... Kd6 28. Bd2 Rh3 ({Black should play} 28... Rh4 $17) 29. Be2 Ne3 30. Bb4+ {[#]} (30. Rf3 $11 {keeps the balance.} Rxf3 31. Bxf3) 30... Kd7 $1 $17 31. Bc5 Ng4 32. Bxg4 fxg4 {[%mdl 4096] Endgame KRB-KRN} 33. f5 exf5 34. Rxf5 Rxh2 35. Rf7+ Ke6 36. Rxa7 (36. Re7+ $17 {was worth a try.} Kf6 37. Rc7) 36... Nd5 $2 (36... Nd7 $19 37. Rc7 g3 38. Rxc6+ Kf5) 37. Rg7 h5 {aiming for ...b4.} 38. a4 bxa4 39. bxa4 Kf6 40. Rg8 {Strongly threatening a5.} Kf7 $2 (40... Ne3 $11) 41. Rg5 $2 (41. Rf8+ $18 Ke6 42. a5) 41... Kf6 42. Rg8 {Threatens to win with a5.} Kf7 $2 (42... Ne3 $11 {and Black is okay.} 43. Kb3 Rh1) 43. Rg5 $2 ({White must play} 43. Rf8+ $18 Ke6 44. a5) 43... Kf6 {Precision: White = 39%, Black = 36%.} 1/2-1/2

[Event "XIX Sant Marti Open 2017"]
[Site "Barcelona"]
[Date "2017.07.13"]
[Round "1.5"]
[White "Arizmendi Martinez, Julen Luis"]
[Black "Xu, Zhihang"]
[Result "1/2-1/2"]
[WhiteElo "2511"]
[BlackElo "2140"]
[Annotator "TA"]
[PlyCount "79"]
[EventDate "2017.??.??"]
[EventType "swiss"]
[EventCountry "ESP"]
[SourceTitle "playchess.com"]
[Source "ChessBase"]
[SourceQuality "1"]

{[%evp 24,79,40,0,14,0,0,0,11,0,37,0,33,49,35,45,41,0,0,0,-7,0,86,40,41,38,39,41,133,131,132,129,129,104,114,102,104,103,104,103,90,17,14,33,18,0,0,0,0,0,0,0,0,0,0,0,0,0]} 1. e4 c5 2. Nf3 Nc6 3. d4 cxd4 4. Nxd4 g6 5. c4 Nf6 6. Nc3 Nxd4 7. Qxd4 d6 8. Be3 Bg7 9. Be2 O-O 10. Qd2 a5 {B36: Sicilian: Maroczy Bind: Gurgenidze System} (10... Be6 11. Rc1 Qa5 12. f3 Rfc8 13. b3 Rab8 14. Na4 Qxd2+ 15. Kxd2 Bd7 16. Nc3 a6 17. g4 Bc6 18. b4 Be8 19. g5 Nd7 20. f4 Kf8 21. h4 {1-0 (41) Yu,Y (2750)-Zvjaginsev,V (2661) China 2017}) 11. Rd1 Be6 12. f3 a4 13. Nb5 {LiveBook: 4 Games} Qa5 14. Nd4 Rfc8 $146 ({Predecessor:} 14... Nd7 15. Rc1 Rfc8 16. Qxa5 Rxa5 17. Kd2 Nc5 18. Rc3 {½-½ (57) Hracek,Z (2605)-De Marchi,O (2286) Warsaw 2016}) 15. Nxe6 fxe6 16. O-O Nd7 17. Qc1 Qb4 (17... b5 $5) 18. Rd2 a3 {[%cal Ra3b2]} 19. b3 Nc5 20. Bxc5 Qxc5+ 21. Kh1 Bh6 22. f4 {Bg4 is the strong threat.} Qe3 (22... Rf8 $11 {keeps the balance.} 23. g3 Qc6) 23. Bg4 Bxf4 24. Bxe6+ Kg7 25. Bxc8 Rxc8 (25... Qxd2 $14 26. Qxd2 Bxd2 27. Bxb7 Re8) 26. Qa1+ $16 Be5 27. Qd1 Qxe4 28. Re2 Qh4 {[%csl Ge5][%cal Rh4h2] [#]} 29. g3 $1 {[%mdl 512]} Bxg3 30. Qd5 Rf8 31. Rxf8 Kxf8 {[%mdl 4096] Endgame [#] KQR-KQB} 32. Qf3+ ({Reject} 32. Qxb7 $6 Bxh2 33. Qc8+ (33. Rxh2 Qe1+ 34. Kg2 Qe2+ 35. Kg3 Qe5+ 36. Kh3 Qe3+ 37. Kh4 Qf4+ 38. Kh3 Qe3+ 39. Kh4 Qf4+ 40. Kh3 Qe3+ $11) 33... Kg7 $11) (32. Qe6 $1 $16) 32... Bf4 $1 $11 33. b4 b6 34. Qxa3 {The position is equal.} Bxh2 {aiming for ...Be5+.} 35. Rxh2 Qe1+ 36. Kg2 {Strongly threatening Qg3.} Qe2+ 37. Kg3 Qe5+ 38. Kh3 Qh5+ 39. Kg2 Qe2+ 40. Kg1 {Precision: White = 57%, Black = 75%.} 1/2-1/2

[Event "XIX Sant Marti Open 2017"]
[Site "Barcelona"]
[Date "2017.07.13"]
[Round "1.6"]
[White "Abhilash, Reddy M L"]
[Black "Asis Gargatagli, Hipolito"]
[Result "0-1"]
[WhiteElo "2133"]
[BlackElo "2505"]
[Annotator "TA"]
[PlyCount "94"]
[EventDate "2017.??.??"]
[EventType "swiss"]
[EventCountry "ESP"]
[SourceTitle "playchess.com"]
[Source "ChessBase"]
[SourceQuality "1"]

{[%evp 14,94,0,-13,-16,-34,-21,-64,-21,-8,-12,-31,-6,-33,-16,-68,-53,-81,-64,-126,-126,-192,-173,-204,-185,-194,-95,-94,-112,-246,-112,-116,-73,-81,-72,-63,-59,-62,-41,-58,-59,-55,-10,-10,-12,-8,67,-44,-28,-49,-52,-109,-110,-116,-118,-120,-120,-109,-108,-135,-93,-135,-87,-143,-62,-147,-89,-89,-89,-140,-137,-154,-160,-131,-166,-456,-453,-608,-579,-5381,-5310,-2427,-2316]} 1. d4 e6 2. Nf3 Nf6 3. c4 c5 4. Nc3 cxd4 5. Nxd4 Nc6 6. e3 Bb4 7. Bd2 O-O 8. Nc2 {LiveBook: 5 Games. A32: Symmetrical English: 2 Nf3 Nf6 3 d4 cxd4 4 Nxd4 e6} (8. Be2 d5 9. cxd5 exd5 10. O-O Nxd4 11. exd4 Re8 12. Bf3 Be6 13. Qb3 Bxc3 14. Bxc3 Qd7 15. Rfd1 Bg4 16. Bxg4 Nxg4 17. h3 Nf6 18. Bd2 Ne4 19. Be3 {0-1 (81) Fridman,D (2596)-Navara,D (2725) Tallinn 2016}) 8... Bc5 9. Be2 d5 10. O-O {The position is equal.} a6 11. cxd5 exd5 12. Na4 Bd6 $146 ({Predecessor:} 12... Ba7 13. Nb4 Qd6 14. Nxc6 bxc6 15. Rc1 Ne4 {0-1 (38) Skuhala,J (2147)-Tratar,M (2477) Ptuj 2015}) 13. Nd4 Re8 14. Bf3 (14. Bc3 $11) 14... Ne5 $15 15. h3 Bc7 16. Bb4 (16. Qc2 $15) 16... Ne4 $17 17. Be2 (17. Rc1 $17) 17... Qg5 $1 $19 18. f4 Qg3 19. Bf3 Nc4 (19... Bxh3 $1 $19 {( -> ...Ng4)} 20. Qe2 Ng4 21. Bxg4 Bxg4) 20. Be1 Qg6 21. Bh5 (21. Qd3 $17) 21... Qf6 (21... Qh6 $1 $19 22. Rc1 Bd7 23. Rxc4 dxc4) 22. Nc2 $17 Be6 23. b3 Ncd6 24. Nd4 Bd7 25. Rc1 Rac8 26. Bg4 Bxg4 27. Qxg4 Qg6 28. Bb4 $1 Qxg4 29. hxg4 b5 (29... Nb5 $11) 30. Nc5 (30. Nc3 $14) 30... a5 $15 31. Nxe4 Nxe4 32. Nxb5 {[#]} (32. Ba3 $15) 32... Bb6 $1 $36 {[%cal Rb6e3][%mdl 2048] White is under strong pressure.} 33. Rxc8 Rxc8 34. Nd6 Rc2 35. Nxe4 dxe4 {[%mdl 4096] Endgame KRB-KRB} 36. Bd6 Bxe3+ 37. Kh2 Bf2 38. f5 {[#]} ({White should play} 38. Bc7) 38... Rxa2 (38... e3 $1 $17 39. Bg3 Rxa2) 39. Bg3 (39. g5 $15 Be3 40. Re1 Bxg5 41. Rxe4) 39... Bb6 ({Better is} 39... e3 40. Bxf2 exf2) 40. Rc1 {Rc8+ would kill now.} h6 41. Rc4 (41. Rc6 $142 Be3 42. Rc8+ Kh7 43. Rc7) 41... e3 {[%cal Be4e3,Be3e2][%mdl 32] Strongly threatening ...Rb2.} 42. Rc6 Bd4 43. Rc4 Rd2 44. Bf4 $2 (44. Be1 {was the only chance.} Be5+ 45. Bg3) 44... Rd3 $19 {And now ...e2 would win.Black is clearly winning.} 45. Rc8+ Kh7 46. Rd8 e2 47. Re8 {[#]} Re3 $1 {[%mdl 512] Precision: White = 33%, Black = 45%.} 0-1

[Event "XIX Sant Marti Open 2017"]
[Site "Barcelona"]
[Date "2017.07.13"]
[Round "1.7"]
[White "Burmakin, Vladimir"]
[Black "Asensio Linan, Teodoro"]
[Result "1-0"]
[WhiteElo "2505"]
[BlackElo "2126"]
[Annotator "TA"]
[PlyCount "49"]
[EventDate "2017.??.??"]
[EventType "swiss"]
[EventCountry "ESP"]
[SourceTitle "playchess.com"]
[Source "ChessBase"]
[SourceQuality "1"]

{[%evp 16,49,18,20,15,22,39,19,94,79,83,80,83,39,76,80,147,147,258,248,244,248,231,205,491,462,548,518,472,506,671,687,657,464,797,789]} 1. Nf3 Nf6 2. g3 d5 3. c4 e6 4. Bg2 Be7 5. O-O O-O 6. d4 dxc4 7. Qc2 a6 8. a4 Bd7 9. Bg5 {LiveBook: 34 Games. E05: Open Catalan: 5 Nf3 Be7} (9. Qxc4 Bc6 10. Bf4 Nbd7 11. Nc3 Bd6 12. a5 Bxf4 13. gxf4 Nd5 14. e3 Nxc3 15. Qxc3 Bxf3 16. Bxf3 c6 17. Kh1 Qe7 18. Rg1 g6 19. Rg5 {½-½ (80) Aronian,L (2793)-Kramnik,V (2808) Leuven 2017}) 9... Nc6 10. Qxc4 Rb8 11. Nbd2 $146 {[%cal Bb1d2,Bd2b3,Bb3c5][%mdl 32] White is slightly better.} ({Predecessor:} 11. a5 h6 12. Bd2 Na7 13. Nc3 Nb5 14. Na4 Bc6 15. e3 Bd5 16. Qc1 Ne4 17. Qc2 {1-0 (40) Schatz,W (2232)-Gebigke,M (2138) Berlin 2010}) 11... b5 (11... Nb4 $11 {keeps the balance.}) 12. axb5 $16 axb5 13. Qc1 h6 14. Be3 Ng4 15. Nb3 Nb4 {[#]} ({Better is} 15... Nxe3 16. Qxe3 Nb4) 16. Bd2 $1 Nd5 (16... Be8 $16 17. h3 Nf6) 17. e4 $18 Nb6 18. e5 c5 19. h3 f5 $2 {[#]} (19... c4 {keeps fighting.}) 20. Nxc5 {White is clearly winning.} ({Less strong is} 20. hxg4 fxg4 21. Nh2 (21. Nxc5 gxf3 22. Bh3 Qe8 $18) 21... cxd4 $18) 20... Rc8 21. hxg4 fxg4 22. Nh2 h5 23. Ba5 Be8 24. Qd1 Rc6 (24... Bxc5 $142 25. dxc5 Qxd1) 25. Qb3 {Precision: White = 84%, Black = 15%.} 1-0

[Event "XIX Sant Marti Open 2017"]
[Site "Barcelona"]
[Date "2017.07.13"]
[Round "1.8"]
[White "Vignesh B"]
[Black "Cuartas, Jaime Alexander"]
[Result "0-1"]
[WhiteElo "1852"]
[BlackElo "2501"]
[Annotator "TA"]
[PlyCount "64"]
[EventDate "2017.??.??"]
[EventType "swiss"]
[EventCountry "ESP"]
[SourceTitle "playchess.com"]
[Source "ChessBase"]
[SourceQuality "1"]

{[%evp 16,64,7,8,11,-5,-9,-56,-51,-53,-50,-70,-43,-49,-16,0,-8,-304,-279,-308,-310,-310,-311,-366,-374,-379,-377,-402,-399,-417,-420,-410,-422,-427,-413,-466,-452,-481,-474,-471,-471,-530,-521,-512,-505,-520,-510,-795,-794,-742,-689]} 1. e4 c5 2. Nf3 Nc6 3. Bb5 g6 4. Bxc6 dxc6 5. h3 e5 6. d3 f6 7. Be3 Nh6 8. Nbd2 {B31: Sicilian: 2...Nc6 3 Bb5 g6} (8. a3 Nf7 9. Nbd2 Be6 10. O-O a5 11. Qe2 g5 12. c3 h5 13. a4 g4 14. Nh4 gxh3 15. g3 Rg8 {1-0 (52) Sedlak,N (2581)-Ikonnikov,V (2548) Gent 2013}) 8... Nf7 9. a4 {LiveBook: 3 Games} a5 10. Nb3 {The position is equal.} b6 11. Nh2 $146 ({Predecessor:} 11. Nfd2 Be6 12. Qe2 Bd6 13. O-O Qe7 14. c3 O-O 15. d4 cxd4 16. cxd4 Bxb3 17. Nxb3 {1-0 (45) Zetocha,C (2386)-Volodin,V (2324) Tatranske Zruby 2002}) 11... f5 12. exf5 gxf5 13. Qf3 Qd5 (13... Qd6 {seems wilder.} 14. Nd2 Be6 15. Qe2 O-O-O 16. f4 Kb7) 14. O-O-O Qxf3 15. Nxf3 Be6 16. Nbd2 $2 {[%mdl 8192] [#]} (16. g3 $11 {and White has nothing to worry.}) 16... f4 $19 17. Bxf4 exf4 18. Rhe1 Kd7 19. d4 c4 20. Re4 Rg8 21. Rxf4 Rxg2 22. Kb1 Bh6 23. Rh4 Bxd2 24. Nxd2 Rag8 25. Rxh7 Rxf2 {Black is clearly winning.} 26. d5 cxd5 27. Nxc4 Kc6 28. Na3 Nd6 29. Rh6 Bf5 30. Ka2 Rg6 31. Rh5 (31. Rxg6 $142 Bxg6 32. c3) 31... Rgg2 32. Rc1 Bxc2 {Precision: White = 28%, Black = 82%.} 0-1

[Event "XIX Sant Marti Open 2017"]
[Site "Barcelona"]
[Date "2017.07.13"]
[Round "1.9"]
[White "Himanshu, Sharma"]
[Black "Perez Garcia, Adria"]
[Result "1-0"]
[WhiteElo "2498"]
[BlackElo "2123"]
[Annotator "TA"]
[PlyCount "67"]
[EventDate "2017.??.??"]
[EventType "swiss"]
[EventCountry "ESP"]
[SourceTitle "playchess.com"]
[Source "ChessBase"]
[SourceQuality "1"]

{[%evp 17,67,29,33,23,27,15,15,24,36,13,10,-30,-21,-23,-27,-33,-37,-37,-33,-54,53,52,70,62,71,33,26,31,38,33,28,0,0,0,0,0,0,0,0,0,53,46,47,36,39,49,372,360,458,454,592,590]} 1. e4 c6 2. d4 d5 3. e5 Bf5 4. Nf3 e6 5. Be2 Nd7 6. O-O h6 7. b3 Ne7 8. c4 Ng6 9. Na3 {B12: Caro-Kann: Advance Variation} Bb4 {LiveBook: 5 Games} 10. Bd3 Be4 11. Nc2 {White has an edge.} Bc3 12. Rb1 O-O 13. Qe2 (13. Bxe4 dxe4 14. Nd2 Bxd2 15. Qxd2 c5 16. Ba3 Qh4 {½-½ (55) Shirov,A (2702)-Kovalenko,I (2702) Riga 2015}) 13... f5 14. Qe3 $146 ({Predecessor:} 14. Rd1 a5 15. a3 c5 16. cxd5 Bxf3 17. gxf3 cxd4 {0-1 (17) Guzman,C (2355)-Valentine,S (2458) IECG email 2006}) 14... c5 {...Bxf3 is the strong threat.} 15. Bxe4 fxe4 16. Qxc3 {[#] aiming for Nfe1.} exf3 17. g3 $1 Rc8 18. Re1 Qb6 (18... Qe8 $15) 19. Qd3 $14 Ne7 20. cxd5 exd5 21. e6 (21. Ba3 $5 {[%cal Re5e6]}) 21... Nf6 $1 22. dxc5 Qxc5 23. Nd4 Ne4 24. Be3 Qd6 25. Rbc1 Nc6 26. Bf4 $36 {[%mdl 2048] White has some pressure.} Qe7 27. Nxf3 Qxe6 28. Nd4 Qf6 ({Better is} 28... Qg6 $11) 29. Nxc6 bxc6 30. f3 Ng5 31. Kg2 Nxf3 $2 {[%mdl 8192] [#]} (31... Rce8 $14) 32. Qxf3 $18 g5 33. Qg4 Qb2+ 34. Re2 {Precision: White = 69%, Black = 49%.} 1-0

[Event "XIX Sant Marti Open 2017"]
[Site "Barcelona"]
[Date "2017.07.13"]
[Round "1.10"]
[White "Meertens, Martin"]
[Black "Oliva Castaneda, Kevel"]
[Result "1/2-1/2"]
[WhiteElo "2123"]
[BlackElo "2497"]
[Annotator "TA"]
[PlyCount "73"]
[EventDate "2017.??.??"]
[EventType "swiss"]
[EventCountry "ESP"]
[SourceTitle "playchess.com"]
[Source "ChessBase"]
[SourceQuality "1"]

{[%evp 16,73,-10,-25,-8,-35,-29,-29,0,-10,0,-15,-9,-3,32,0,12,0,0,0,-7,-19,-18,-20,-21,-18,-13,-15,0,0,14,9,18,12,40,61,107,101,136,142,136,133,252,248,261,254,351,338,322,340,325,316,285,285,250,260,736,51,685,0]} 1. e4 c5 2. Nf3 e6 3. d4 cxd4 4. Nxd4 Nc6 5. Nxc6 bxc6 6. Bd3 d5 7. O-O Nf6 8. e5 Nd7 9. f4 {LiveBook: 8 Games} (9. Qe2 {with more complications.} Be7 10. Nc3 Rb8 11. b3 Qc7 12. Re1) 9... Ba6 {B40: Sicilian: 2...e6, Unusual lines} (9... Be7 10. b3 Ba6 11. Bxa6 Qb6+ 12. Kh1 Qxa6 13. Bb2 O-O 14. Nd2 Rae8 15. Qg4 f5 16. exf6 Bxf6 17. Bxf6 Nxf6 {0-1 (35) Vusatiuk,V (2344)-Gritsak,O (2497) Lutsk 2017}) 10. Qe2 (10. Nc3 {is interesting.} Rb8 11. Kh1 Qc8 12. Qe2 Nc5 13. b3) 10... Bxd3 11. cxd3 g6 $146 {Black has an edge.} ({Predecessor:} 11... Bc5+ 12. Kh1 O-O 13. Nd2 f6 14. Nf3 f5 15. Bd2 Qe7 16. Rac1 Rfc8 17. Rc2 {1-0 (52) Shaw,D (2219)-Byway,P (2167) Sunningdale 2007}) 12. Nc3 Be7 13. Kh1 Rb8 14. b3 Nc5 15. Ba3 Qa5 16. Bxc5 Bxc5 17. Rac1 Bd4 18. Qc2 O-O 19. Ne2 Be3 20. Rcd1 Rfc8 21. Rf3 Bc5 22. g4 Be7 23. f5 c5 (23... d4 $5) 24. Nf4 Qa6 25. Rdf1 Qc6 26. Qd2 Bg5 {[#]} 27. h4 $1 {[%cal Rh4g5][%mdl 512]} Bxf4 (27... Bxh4 28. fxe6) 28. Qxf4 {Threatens to win with fxg6.} Rb4 (28... exf5 $16 {was necessary.} 29. gxf5 Qe8) 29. Qh6 $18 {f6 would kill now.} exf5 30. gxf5 $40 {[%mdl 128] White has strong attack.} gxf5 31. Rg1+ Rg4 32. Rxg4+ $1 fxg4 33. Rf6 Qd7 34. Qg5+ Kh8 35. Rd6 Qb7 $2 {[#]} (35... f6 36. exf6 (36. Rxd7 fxg5 37. hxg5 Re8 $16) (36. Qxf6+ Qg7 $16) 36... Qf7 37. Rxd5 (37. Qxg4 Re8 $16) (37. Qxd5 Qxd5+ 38. Rxd5 Kg8 $16) 37... Rg8) 36. Qf6+ $1 Kg8 {[#]} 37. Qg5+ $2 {Precision: White = 73%, Black = 28%.} (37. e6 $1 $18 d4+ 38. Kg1) 1/2-1/2